000 00747nam a2200229Ii 4500
003 JO-AjNU
005 20240625120418.0
008 230605s9999||||xx |||||||||||||| ||und||
017 _a31062
040 _aJO-AjNU
_bara
_erda
_cJO-AjNU
041 _aara
050 1 4 _aNK2110.B3278 1988
100 3 _aالبعبع,شوقي تأليف,
_eauthor
_98616
245 0 0 _aتعلم الفنون المنزلة، النجارة، الزهور، الديكور
264 3 1 _aعمان:دار عبود,1988
300 _a103ص
336 _atext
_btxt
_2rdacontent
337 _aunmediated
_bn
_2rdamedia
338 _avolume
_bnc
_2rdacarrier
650 4 _aالفن-الفنون المنزلية-تعلم الفنون المنزلة
_98617
942 _2lcc
_cBK
999 _c4448
_d4448